Normal view
MARC view
- Wortzel, Lawrence H.
Entry Personal Name
001 - CONTROL NUMBER
- control field: 20653
003 - CONTROL NUMBER IDENTIFIER
- control field: NUST
005 - DATE AND TIME OF LATEST TRANSACTION
- control field: 20190914134512.0
008 - FIXED-LENGTH DATA ELEMENTS
- fixed length control field: 190914|| aca||aabn | a|a d
040 ## - CATALOGING SOURCE
- Original cataloging agency: NUST
- Transcribing agency: NUST
100 ## - HEADING--PERSONAL NAME
- Personal name: Wortzel, Lawrence H.
670 ## - SOURCE DATA FOUND
- Source citation: Work cat.: (NUST)0: Global strategic management :, c1990.
